Ambiente y sociedad 3: comprensión del medio natural, social y cultural. Educación Básica, primer ciclo

Uloženo v:
Podrobná bibliografie
Hlavní autoři: Escolano Benito, Agustín (Autor), García Carrasco, Joaquín (Autor), Holgado, María Adoración (Autor), Pineda, José María (Autor), Val, Miguel Angel del (Autor), Condemarín Grimberg, Eliana (Autor), Cornejo Ortiz, Alejandra (Autor), Izquierdo Walter, Ana María (Autor), Lecaros Concha, María de la Luz (Autor)
Médium: Kniha
Jazyk:španělština
Vydáno: Barcelona Vicens Vives 1997
Barcelona Andrés Bello 1997
Vydání:1a. ed
Témata:
Tagy: Přidat tag
Žádné tagy, Buďte první, kdo vytvoří štítek k tomuto záznamu!

MARC

LEADER 00000nam a2200000 a 4500
001 UCH6403
003 CL-VaPUC
008 091109e19970000sp |||||||||||||||||spa|d
020 |a 8431642415 
082 0 4 |a 372.357  |b ESC  |2 21 
100 0 |a Escolano Benito, Agustín  |e author  |9 542899 
700 |a García Carrasco, Joaquín  |e author  |9 617272 
700 0 |a Holgado, María Adoración  |e author  |9 542901 
700 0 |a Pineda, José María  |e author  |9 542902 
700 0 |a Val, Miguel Angel del  |e author  |9 542903 
700 0 |a Condemarín Grimberg, Eliana  |e author  |9 542904 
700 0 |a Cornejo Ortiz, Alejandra  |e author  |9 542905 
700 0 |a Izquierdo Walter, Ana María  |e author  |9 542906 
700 |a Lecaros Concha, María de la Luz  |e author  |9 542907 
245 1 0 |a Ambiente y sociedad 3: comprensión del medio natural, social y cultural. Educación Básica, primer ciclo 
250 |a 1a. ed 
300 |a 211 p 
942 |c BK 
945 |d 20091109 00:00:00  |a lazolas 
260 |a Barcelona  |b Vicens Vives  |c 1997 
260 |a Barcelona  |b Andrés Bello  |c 1997 
650 7 |a ENSEÑANZA DE LAS CIENCIAS NATURALES  |2 CL-VaPUC  |9 542908 
650 0 |a Medio ambiente  |9 257625 
650 0 |a Métodos de enseñanza  |9 270413 
650 0 |a Reforma educacional   |9 256319 
650 0 |a Educación básica   |9 224933 
650 0 |a Textos de estudio  |9 345998 
583 |a last modification  |c 20171221 11:44:31  |k Rodrigo Vera 
999 |c 337304  |d 337302